E-learning and e-accessibility as new approaches to education and e-inclusion of people with disabilities

Handicapovaní ľudia a ich pozícia v živote. Handicapovaní občania a prístup k vzdelávaniu. Rovnaké možnosti a práva. Vzdelávanie - právo pre všetkých. Potenciálne nové bariéry v informačnej spoločnosti. Elektronický prístup, prístup na internet. E-vzdelávanie pre e-inklúziu.

Saved in:
Bibliographic Details
Main Author: Ondrejková, Anna
Format: Book Chapter
Language:English
Subjects:
Tags: Add Tag
No Tags, Be the first to tag this record!

MARC

LEADER 00000nla$a2200000$$$4500
001 0108611
005 20240502072210.7
041 0 |a eng 
044 |a SK 
245 1 0 |a E-learning and e-accessibility as new approaches to education and e-inclusion of people with disabilities  |c Anna Ondrejková 
520 |a Handicapovaní ľudia a ich pozícia v živote. Handicapovaní občania a prístup k vzdelávaniu. Rovnaké možnosti a práva. Vzdelávanie - právo pre všetkých. Potenciálne nové bariéry v informačnej spoločnosti. Elektronický prístup, prístup na internet. E-vzdelávanie pre e-inklúziu. 
610 2 0 |a invalidi 
610 2 0 |a práva ľudské 
610 2 0 |a vzdelávanie 
610 2 0 |a vzdelávanie elektronické 
610 2 0 |a internet 
100 1 |a Ondrejková, Anna